000 00291nam a2200121 a 4500
008 101022s1958|||| d
245 1 0 _aNeznámy vojak
100 1 _aLinna, Väino
260 _bSlovenský spisovateľ
_c1958
_aBratislava
020 _c11,40
041 _aslo
044 _axo
_cSK
999 _c12020
_d12020